Movies Quiz

Random Movies or Oscar Quiz

Oscar Winner By Role II Quiz Stats

 Plays Quiz Updated Mar 7, 2012

Challenge
Share
Tweet
Embed
Score 0/22 Timer 06:00
0 Plays Today
Character Actress % Correct
Erin BrockovichJulia Roberts
95.2%
Mary PoppinsJulie Andrews
86.7%
June Carter CashReese Witherspoon
84.4%
Clarice StarlingJodie Foster
83.4%
Joanna Kramer Meryl Streep
81.7%
Annie Hall Diane Keaton
78%
Norma Rae WebsterSally Field
64.1%
Aileen WuornosCharlize Theron
57.5%
Marge GundersonFrances McDormand
48.9%
Velma KellyCatherine Zeta-Jones
46.3%
Elizabeth WindsorHelen Mirren
45.6%
Character Actress % Correct
Alicia NashJennifer Connelly
43%
Edith PiafMarion Cotillard
42.9%
Blanche DuboisVivien Leigh
42.5%
Mona Lisa VitoMarisa Tomei
42.4%
Sally BowlesLiza Minnelli
33.6%
Helen KellerPatty Duke
32.9%
Effie WhiteJennifer Hudson
31.7%
Mammy Hattie McDaniel
26.7%
Rose CastoriniOlympia Dukakis
19%
Alice HyattEllen Burstyn
18%
Anna HeldLuise Rainer
8.5%

You're not logged in!

Compare scores with friends on all Sporcle quizzes.
OR
Log In

You Might Also Like...

Show Comments

Extras

Top Quizzes Today


Score Distribution

Your Account Isn't Verified!

In order to create a playlist on Sporcle, you need to verify the email address you used during registration. Go to your Sporcle Settings to finish the process.

Report this User

Report this user for behavior that violates our Community Guidelines.

Details: